| 000 | 00918nam a2200313 a 4500 | ||
|---|---|---|---|
| 001 | 86040 | ||
| 003 | BD-RjUL | ||
| 005 | 20251208152842.0 | ||
| 008 | 830202m19491953mau 000 0 eng | ||
| 035 | _a6487663 | ||
| 035 | _a(BD-RjUL)86040 | ||
| 040 |
_aDLC _cCarP _dDLC _dBD-RjUL _beng |
||
| 041 | _aeng | ||
| 082 |
_223 _a871 _bPRP 1949 |
||
| 100 | 1 |
_aPropertius Clemens, Aurelius. _917493 |
|
| 245 | 1 | 0 |
_aPrudentius / _cwith an english translation by H. J. Thomson |
| 260 |
_aCambridge : _bHarvard University Press, _c1949 |
||
| 300 |
_a2 v.; _c17 cm. |
||
| 336 |
_atext _btxt _2rdacontent |
||
| 337 |
_aunmediated _bn _2rdamedia |
||
| 338 |
_avolume _bnc _2rdacarrier |
||
| 505 | 0 | 1 | _aVol.1-- |
| 650 |
_aChristian poetry, Latin _917494 |
||
| 700 |
_aThomson, H. J. _917495 |
||
| 830 | 0 | _aLoeb classical library. | |
| 942 |
_2ddc _cBK |
||
| 999 |
_c86040 _d86040 |
||